书目信息 |
| 题名: |
河北省地图册
|
|
| 作者: | 杜秀荣 主编 | |
| 分册: | ||
| 出版信息: | 北京 中国地图出版社 2002 |
|
| 页数: | 152页 | |
| 开本: | 22cm | |
| 丛书名: | ||
| 单 册: | ||
| 中图分类: | K992.222 | |
| 科图分类: | ||
| 主题词: | 地图 | |
| 电子资源: | ||
| ISBN: | 7-5031-2454-7 | |
| 000 | 00543nam0 2200193 45 | |
| 001 | 0402071623 | |
| 005 | 20040207162711.1 | |
| 010 | @a7-5031-2454-7@dCNY19.50 | |
| 100 | @a20040207d2002 km y0chiy0120 ea | |
| 101 | 0 | @achi |
| 105 | @af z 000yy | |
| 200 | 1 | @a河北省地图册@AHe Bei Sheng Di Tu Ce@f杜秀荣主编@FDu Xiu Rong Zhu Bian |
| 210 | @a北京@c中国地图出版社@d2002 | |
| 215 | @a152页@c图版@d22cm | |
| 606 | 0 | @a地图 |
| 690 | @aK992.222@v4 | |
| 701 | 0 | @a杜秀荣@4主编 |
| 801 | @aCN@bTSTCL@c20040207 | |
| 905 | @b334237-239@dK992.222@e270@f3 | |
| 河北省地图册/杜秀荣主编.-北京:中国地图出版社,2002 |
| 152页:图版;22cm |
| ISBN 7-5031-2454-7:CNY19.50 |
| ● |
| 相关链接 |
|
|
|
|
正题名:河北省地图册
索取号:K992.222/270
 
预约/预借
| 序号 | 登录号 | 条形码 | 馆藏地/架位号 | 状态 | 备注 |
| 1 | 0334237 | 203342374 | 第二借阅区/ [索取号:K992.222/270] | 在馆 | |
| 2 | 0334238 | 203342383 | 第二借阅区/ [索取号:K992.222/270] |
已借出,限还日期为2006.09.19 借出人:刘肇民 |
|
| 3 | 0334239 | 203342392 | 第二样本阅览室/ [索取号:K992.222/270] | 在馆 |